Alibaba: the house that Jack ma built (Record no. 123739)

MARC details
000 -LEADER
fixed length control field 00550nam a2200229Ia 4500
008 - FIXED-LENGTH DATA ELEMENTS--GENERAL INFORMATION
fixed length control field 210210b2016 xxu||||| |||| 00| 0 eng d
020 ## - INTERNATIONAL STANDARD BOOK NUMBER
International Standard Book Number 978006243406
041 ## - LANGUAGE CODE
Language code of text/sound track or separate title eng
082 ## - DEWEY DECIMAL CLASSIFICATION NUMBER
Classification number 381.1420952 CLAA
100 ## - MAIN ENTRY--PERSONAL NAME
Personal name CLARK (Duncan)
245 ## - TITLE STATEMENT
Title Alibaba: the house that Jack ma built
260 ## - PUBLICATION, DISTRIBUTION, ETC.
Place of publication, distribution, etc. New York
Name of publisher, distributor, etc. An imprint of Harper Collins Publishers
Date of publication, distribution, etc. 2016
300 ## - PHYSICAL DESCRIPTION
Extent xvi,287
650 ## - SUBJECT ADDED ENTRY--TOPICAL TERM
Topical term or geographic name entry element that
650 ## - SUBJECT ADDED ENTRY--TOPICAL TERM
Topical term or geographic name entry element ma
650 ## - SUBJECT ADDED ENTRY--TOPICAL TERM
Topical term or geographic name entry element Jack
650 ## - SUBJECT ADDED ENTRY--TOPICAL TERM
Topical term or geographic name entry element house
650 ## - SUBJECT ADDED ENTRY--TOPICAL TERM
Topical term or geographic name entry element built
650 ## - SUBJECT ADDED ENTRY--TOPICAL TERM
Topical term or geographic name entry element Alibaba:
690 ## - LOCAL SUBJECT ADDED ENTRY--TOPICAL TERM (OCLC, RLIN)
Topical term or geographic name as entry element Commerce
906 ## - LOCAL DATA ELEMENT F, LDF (RLIN)
a 073980
Holdings
Withdrawn status Lost status Source of classification or shelving scheme Damaged status Not for loan Collection code Home library Current library Date acquired Source of acquisition Cost, normal purchase price Total Checkouts Full call number Barcode Date last seen Price effective from Koha item type
    Dewey Decimal Classification     Commerce St Aloysius Library St Aloysius Library 02/17/2021 Navakarnataka Publication Pvt Ltd Mangalore 599.00   381.1420952 CLAA 073980 02/17/2021 02/17/2021 Book